Obálka Náhled e-knihy:
PDF Epub
Pro půjčování e-knih musíte být přihlášeni.
Jak si půjčit online?

Očistec /

Další duchařský horor ze série Štvanci. Duše lapené v domě Perronových stále trpí a ve stínech číhají netušené hrůzy. Pomohl by dům zachránit exorcismu?

Uloženo v:
Série:Štvanci, část 3
Hlavní autor: Mountford, Lee (Autor)
Další autoři: Lichtenberg, Lenka (Autor)
Médium: E-kniha
Jazyk:Czech
Vydáno: Praha : Dobrovský s.r.o., 2024
Edice:Fobos
Témata:
Příbuzné jednotky:Z cyklu:: Štvanci
Tagy:
Žádné tagy
LEADER 02731nam a2200469 i 4500
001 312330
003 CZ PrSKC
005 20260601215721.0
007 ta
008 240315s2024 xr e 000 f cze
015 |a cnb003567411 
020 |a 9788027722938  |q (vázáno) 
035 |a (OCoLC)1438777465 
040 |a ABG001  |b cze  |d ABA001  |e rda 
041 1 |a cze  |h eng 
072 7 |a 821.111-3  |x Anglická próza, anglicky psaná  |2 Konspekt 
080 |a 821.111-31  |2 MRF 
080 |a (0:82-312.4)  |2 MRF 
100 1 |a Mountford, Lee  |7 xx0276641  |4 aut 
240 1 0 |a Purgatory.  |l Česky 
245 1 0 |a Očistec /  |c Lee Mountford ; přeložila Lenka Lichtenberg 
264 1 |a Praha :  |b Dobrovský s.r.o.,  |c 2024 
300 |a 344 stran ;  |c 21 cm 
336 |a text  |b txt  |2 rdacontent 
337 |a bez média  |b n  |2 rdamedia 
338 |a svazek  |b nc  |2 rdacarrier 
490 1 |a Fobos 
500 |a Přeloženo z angličtiny 
520 2 |a Další duchařský horor ze série Štvanci. Duše lapené v domě Perronových stále trpí a ve stínech číhají netušené hrůzy. Pomohl by dům zachránit exorcismu?  |b Po děsivém sledu událostí, které se odehrály v domě Perronových a které vyvrcholily smrtí jedné z majitelek, byl do domu povolán tým specialistů na paranormální jevy, aby nezpochybnitelně dokázal, že v domě skutečně straší. Přeživší majitelka se pokouší přesvědčit církev, aby v domě provedla exorcismus. Je to jediný způsob, jak osvobodit duše mrtvých, které jsou uvnitř jako v očistci, odsouzené k věčnému utrpení. Církev ale nejprve vyžaduje důkazy. Výzkumný tým brzy zjistí, že nechvalně známý dům a to, čím ve skutečnosti je, přesahuje jejich schopnosti. V ohrožení nejsou jen jejich životy, ale i osud celého světa. Dokážou přežít, nebo je čeká stejný osud jako ony nebohé duše lapené v domě? Nakladatelská anotace. Kráceno. 
655 7 |a anglické romány  |7 fd131814  |2 czenas 
655 7 |a horory (romány)  |7 fd184202  |2 czenas 
655 9 |a English fiction  |2 eczenas 
655 9 |a horror novels  |2 eczenas 
700 1 |a Lichtenberg, Lenka  |7 xx0070926  |4 trl 
765 1 |t Haunted 
787 0 8 |i Z cyklu:  |t Štvanci  |g 3 
830 0 |a Fobos 
900 |a ABA001  |b 21 
044 |a xr 
910 |a RBIT002 
998 |d 401150  |a https://core.palmknihy.cz/api/books/401150/cover?sanh68  |b https://core.palmknihy.cz/api/books/401150/cover/400?sanh68  |c https://core.palmknihy.cz/api/books/401150/cover/50?sanh68  |e 2029-02-01  |g 352  |i 9788027722938  |j https://core.palmknihy.cz/api/books/401150/preview.epub  |k https://core.palmknihy.cz/api/books/401150/preview.pdf  |l   |q 49  |r 1  |s https://www.palmknihy.cz/kniha/401150  |t ebook  |y 2024  |z 0  |v Štvanci  |w 3 
999 |d 312328